Art de faire le parchemin / (Record no. 182942)

MARC details
000 -LEADER
campo de control de longitud fija 00715nam a2200169 i 4500
001 - NÚMERO DE CONTROL
campo de control 182942
003 - IDENTIFICADOR DE NÚMERO DE CONTROL
campo de control ES-MaACL
005 - FECHA Y HORA DE LA ÚLTIMA TRANSACCIÓN
campo de control 20230906221741.0
008 - DATOS DE LONGITUD FIJA--INFORMACIÓN GENERAL
campo de control de longitud fija 131217s1762 fr |||| | fre d
100 0# - ENTRADA PRINCIPAL--NOMBRE DE PERSONA
Nombre de persona La Lande, Jérôme de.
9 (RLIN) 69162
245 10 - MENCIÓN DEL TÍTULO
Título Art de faire le parchemin /
Mención de responsabilidad, etc. par M. de La Lande.
260 ## - PUBLICACIÓN, DISTRIBUCIÓN, ETC.
Lugar de publicación, distribución, etc. [Paris] :
Nombre del editor, distribuidor, etc. De l'Imprimerie de H.L. Guerin & L.F. Delatour,
Fecha de publicación, distribución, etc. 1762.
300 ## - DESCRIPCIÓN FÍSICA
Extensión 52 p., 2 lám. ;
Dimensiones 44 cm.
500 ## - NOTA GENERAL
Nota general Pertenece a: "Descriptions des arts et mètiers faites ou approuvées par ... l'Académie Royale des Sciences". Paris: chez Desaint & Saillant, 1761-1789 (Brunet, 10217)
650 #4 - PUNTO DE ACCESO ADICIONAL DE MATERIA--TÉRMINO DE MATERIA
Término de materia o nombre geográfico como elemento de entrada Curtido-
Subdivisión de forma Obras anteriores a 1800.
9 (RLIN) 154022
852 ## - LOCALIZACIÓN
Ubicación ES-MaACL
Número de control de estantería R-64(3)
Encuadernación Olim: C-10827-70
Holdings
Estatus retirado Estado de pérdida Estado de daño No para préstamo Colección Biblioteca de origen Biblioteca actual Ubicación en estantería Fecha de adquisición Fuente de adquisición Total de préstamos Signatura topográfica completa Código de barras Visto por última vez Precio de reemplazo Tipo de ítem Koha
        Libros del s. XVIII Biblioteca del Ateneo de Madrid Biblioteca del Ateneo de Madrid Depósito 17/12/2013     R-64(3) 1192272 23/02/2023 23/02/2023 Libro impreso antiguo